The member of the wedding /

保存先:
書誌詳細
第一著者: McCullers, Carson
フォーマット: 図書
言語:英語
出版事項: Toronto [etc.] Bantam Books 1975
タグ: タグ追加
タグなし, このレコードへの初めてのタグを付けませんか!

MARC

LEADER 00000nam a2200000 4500
001 CDOM0000005071
003 mi
005 20251010162709.0
008 251010b |||||||| |||| 00| 0 eng d
040 |c mi 
100 |a McCullers, Carson 
245 1 |a The member of the wedding /  |c Carson McCullers 
260 |a Toronto [etc.]  |b Bantam Books  |c 1975 
300 |a 153 p.  |c 18 cm. 
942 |2 ddc  |c BK 
952 |0 0  |1 0  |2 ddc  |4 0  |6 B_LNR02MCCCAMEM11  |7 0  |9 7634  |a MI  |b MI  |d 2012-01-30  |i 6369  |l 0  |o B-LNR02-MCCCA-MEM11  |p CDOM6369  |r 2025-07-13 16:28:00  |w 2025-07-13  |x DONO  |y BK 
999 |c 6321  |d 6321